| 000 | 02654cam a2200349 a 4500 | ||
|---|---|---|---|
| 003 | EG-GiCUC | ||
| 005 | 20250223032320.0 | ||
| 008 | 190626s2018 ua dh f m 000 0 eng d | ||
| 040 |
_aEG-GiCUC _beng _cEG-GiCUC |
||
| 041 | 0 | _aeng | |
| 049 | _aDeposite | ||
| 097 | _aM.Sc | ||
| 099 | _aCai01.11.02.M.Sc.2018.Ha.F | ||
| 100 | 0 | _aHadeel Sayed Emam Ahmed | |
| 245 | 1 | 0 |
_aFrontal sinus dimensions and variation of frontal recess cells among adult Egyptians : _bA radiological and dry bone study / _cHadeel Sayed Emam Ahmed ; Supervised Abdelfattah Hasan Alebiary , Gamal Hosny Mohammed , Reda Abdelnaser Emam |
| 246 | 1 | 5 |
_aأبعاد الجيب الأنفي الجبهي والاختلافات في خلايا التجويف الجبهي في المصريين البالغين : _bدراسة إشعاعية وعلى العظام الجافة |
| 260 |
_aCairo : _bHadeel Sayed Emam Ahmed , _c2018 |
||
| 300 |
_a120 P. : _bcharts , facsimiles ; _c25cm |
||
| 502 | _aThesis (M.Sc.) - Cairo University - Faculty of Medicine - Department of Anatomy | ||
| 520 | _aBackground:The frontal sinus and frontal recess are one of the most challenging areas to approach in functional endoscopic sinus surgery.Frontal sinus dimensions show great concern to forensic researchers in personal identification as it was proven to be unique for each individual.This study aimed to provide better understanding of frontal sinus and frontal recess morphometry and anatomical variations of specific frontal recess cells and their prevalence among adult Egyptians. Methods:Ten dried adult human skulls were studied as well as coronal and sagittal CT scans of sixty adult persons of the Egyptian population (30 males and 30 females). Persons over 20 yearswere included and arranged in 3 age groups: group 1 from 20 to 30, group 2 from 31 to 50 and group 3 more than 50 years. Results: All dried skulls showed asymmetry between right and left frontal sinuses, intrasinus incomplete septations, interfrontal septum deviation,aggernasi cell and frontal cell type 2. Measurements on the CT scans revealed statistically significant higher height, depth and volume as well as anterior table thickness of all frontal sinuses among males than females | ||
| 530 | _aIssued also as CD | ||
| 653 | 4 | _aFrontal recess | |
| 653 | 4 | _aFrontal sinus | |
| 653 | 4 | _aParanasal sinuses | |
| 700 | 0 |
_aAbdelfattah Hasan Alebiary , _eSupervisor |
|
| 700 | 0 |
_aGamal Hosny Mohammed , _eSupervisor |
|
| 700 | 0 |
_aReda Abdelnaser Emam , _eSupervisor |
|
| 856 | _uhttp://172.23.153.220/th.pdf | ||
| 905 |
_aNazla _eRevisor |
||
| 905 |
_aShimaa _eCataloger |
||
| 942 |
_2ddc _cTH |
||
| 999 |
_c72582 _d72582 |
||